00657nam a22002057a 4500003000400000005001700004008004100021020001500062040002900077050002200106100003100128245005000159260005500209300003100264650003500295650002500330650004700355650001800402700003100420OSt20260612114655.0260612b |||||||| |||| 00| 0 eng d a0872071472 cChuka University Library aLC 6551b.L5 1996 aGambrell, Linda B [Editor] aLively Discussions! Fostering Engaged Reading aDelawarebInternational Reading Associationc1996 avaroius pagesbIllustrated aForums [Discussion and debate] aReading [Elementary] aLiterature-Study and teaching [Elementary] aGroup reading aAlmasi, Janice F. [Editor]